Διεθνείς οργανισμοί : γενική θεωρία
Αποθηκεύτηκε σε:
| Κύριος συγγραφέας: | |
|---|---|
| Μορφή: | Βιβλίο |
| Γλώσσα: | Greek |
| Δημοσίευση: |
Αθήνα, Κομοτηνή :
Σάκκουλας,
1983
|
| Θέματα: | |
| Ετικέτες: |
Προσθήκη ετικέτας
Δεν υπάρχουν, Καταχωρήστε ετικέτα πρώτοι!
|
MARC
| LEADER | 00000cam a2200000 i 4500 | ||
|---|---|---|---|
| 001 | 1/67286 | ||
| 008 | 971216s1983 gre d | ||
| 035 | |a ΠΑΡ-1997 |b 04/04 |c ΑΛΕΞΟΠΟΥΛΟΣ |l 10029978 | ||
| 040 | |a GR-MY-UA |b |e aacr | ||
| 041 | 0 | |a gre | |
| 082 | 0 | |a 341.2 | |
| 100 | 1 | |a Μπρεδήμας, Αντώνης Χ. | |
| 245 | 1 | 0 | |a Διεθνείς οργανισμοί : |b γενική θεωρία / |c Α. Μπρεδήμας |
| 260 | |a Αθήνα, Κομοτηνή : |b Σάκκουλας, |c 1983 | ||
| 300 | |a 185 σ. | ||
| 500 | |a Παραδόσεις για τους φοιτητές του τμήματος Πολιτικής Επιστήμης και Δημόσιας Διοίκησης του Πανεπιστημίου Αθηνών | ||
| 650 | 0 | 0 | |a International agencies. |
| 740 | 0 | 2 | |a Εισαγωγή στο φαινόμενο των διεθνών οργανισμών |
| 852 | |a INST |b CHIOS |e 19971216 |h 341.2 ΜΠΡ |p 005200010204 |q 005200010204 |t BK |y 0 |z v.1 | ||
| 852 | |a INST |b CHIOS |e 19971216 |h 341.2 ΜΠΡ |p 005200010204 |q 005200010204 |t BK |v v.1: |y 0 |z v.1 | ||
| 853 | |a INST |b CHIOS |h 341.2 ΜΠΡ | ||
| 909 | |a Χ |b 051996 | ||
| 922 | |a 2ΕΛΗ |b 199711 |c ΑΛΕΞΟΠΟΥΛΟΣ |d EMVASIS | ||